000
00264nam a22001097a 4500
082
_a
355.02 CAR'S
100
_a
CARELL, PAUL
_9
18975
245
_a
SCORCHED EARTH HITLER'S WAR ON RUSSIA
260
_a
LONDON
_b
GEORGE G. HARROP
_c
1970
300
_a
VOL-2
942
_c
BK
999
_c
581972
_d
581972